Seoul Subway Stations (Line 2, 3) Quiz Stats

 Plays Quiz not verified by Sporcle

Also try: The Ukraine Quiz
Challenge
Share
Tweet
Embed
Score 0/96 Timer 20:00
0 Plays Today
area station % Correct
Songpa-guJamsil
82.1%
Jung-guEuljiro 3 ga
75%
Gangnam-guGangnam
75%
Jung-guEuljiro 3 ga
75%
Jung-guEuljiro 1 ga
71.4%
Gwanak-guSeoul National University
71.4%
Gangnam-guApgujeong
71.4%
Seocho-guExpress Bus Terminal
71.4%
Jung-guCity Hall
67.9%
Seongdong-guWangsimni
67.9%
Seocho-guSeocho
67.9%
Jung-guEuljiro 4 ga
64.3%
Gwangjin-guKonkuk University
64.3%
Gangnam-guYeoksam
64.3%
Seongdong-guOksu
64.3%
Jung-guDongdaemun History and Culture Park
60.7%
Seongdong-guSangwangsimni
60.7%
Seongdong-guHanyang University
60.7%
Dongjak-guSadang
60.7%
Seongdong-guTtukseom
57.1%
Gwangjin-guGangbyeon
57.1%
Songpa-guJamsilnaru
57.1%
Songpa-guSports Complex
57.1%
Gangnam-guSamseong
57.1%
Seocho-guSeoul National University of Education
57.1%
Mapo-guHongik University
57.1%
Mapo-guSinchon
57.1%
Seocho-guSeoul National University of Education
57.1%
Seocho-guBangbae
53.6%
Jung-guSindang
50%
Seongdong-guSeongsu
50%
Seongdong-guSeongsu
50%
area station % Correct
Jongno-guGyeongbokgung
50%
Jongno-guAnguk
50%
Gangnam-guSeolleung
46.4%
Guro-guSindorim
46.4%
Guro-guSindorim
46.4%
Jongno-guJongno 3 ga
46.4%
Jung-guYaksu
46.4%
Gangnam-guSuseo
46.4%
Gwangjin-guGuui
42.9%
Songpa-guSincheon
42.9%
Yeongdeungpo-guDangsan
42.9%
Mapo-guHapjeong
42.9%
Mapo-guEwha Woman's University
42.9%
Eunpyeong-guGupabal
42.9%
Jung-guChungmuro
42.9%
Gangnam-guSinsa
42.9%
Seocho-guYangjae
42.9%
Gangnam-guDaechi
42.9%
Guro-guGuro Digital Complex
39.3%
Seocho-guJamwon
39.3%
Gangnam-guDogok
39.3%
Guro-guDaerim
35.7%
Goyang-siDaehwa
35.7%
Goyang-siMadu
35.7%
Seocho-guNambu Bus Terminal
35.7%
Gwanak-guSillim
32.1%
Dongjak-guSindaebang
32.1%
Mapo-guAhyeon
32.1%
Seodaemun-guChungjeongno
32.1%
Seongdong-guYongdap
32.1%
Dongdaemun-guSinseoldong
32.1%
Goyang-siWondang
32.1%
area station % Correct
Goyang-siSamsong
32.1%
Jung-guDongguk University
32.1%
Seongdong-guGeumho
32.1%
Gangnam-guHangnyeoul
32.1%
Gangnam-guIrwon
32.1%
Songpa-guGarak Market
32.1%
Gwanak-guNakseongdae
28.6%
Seongdong-guSindap
28.6%
Gangseo-guKkachisan
28.6%
Goyang-siJeongbalsan
28.6%
Goyang-siDaegok
28.6%
Goyang-siHwajeong
28.6%
Eunpyeong-guYeonsinnae
28.6%
Gangnam-guMaebong
28.6%
Gangnam-guDaecheong
28.6%
Songpa-guOgeum
28.6%
Yeongdeungpo-guMullae
25%
Guro-guDorimcheon
25%
Goyang-siJuyeop
25%
Goyang-siBaekseok
25%
Goyang-siJichuk
25%
Eunpyeong-guBulgwang
25%
Seodaemun-guHongje
25%
Songpa-guNational Police Hospital
25%
Gwanak-guBongcheon
21.4%
Yangcheon-guYangcheongu Office
21.4%
Eunpyeong-guNokbeon
21.4%
Seodaemun-guMuakjae
21.4%
Seodaemun-guDongnimmun
17.9%
Yeongdeungpo-guYeongdeongpogu Office
14.3%
Dongdaemun-guYongdu
14.3%
Yangcheon-guSinjeongnegeori
10.7%

You're not logged in!

Compare scores with friends on all Sporcle quizzes.
Join for Free
OR
Log In

You Might Also Like...

Show Comments

Extras

Created Nov 25, 2014ReportNominate
Tags:area, station, subway

Top Quizzes Today


Score Distribution

Your Account Isn't Verified!

In order to create a playlist on Sporcle, you need to verify the email address you used during registration. Go to your Sporcle Settings to finish the process.

Report this User

Report this user for behavior that violates our Community Guidelines.

Details: